The problem of German political revival; (Record no. 89965)
[ view plain ]
| 000 -LEADER | |
|---|---|
| fixed length control field | 00820cam a22002531 4500 |
| 001 - CONTROL NUMBER | |
| control field | sd 46000031 |
| 003 - CONTROL NUMBER IDENTIFIER | |
| control field | DLC |
| 005 - DATE AND TIME OF LATEST TRANSACTION | |
| control field | 20260227112735.0 |
| 008 - FIXED-LENGTH DATA ELEMENTS--GENERAL INFORMATION | |
| fixed length control field | 861217s1946 dcu f000 0 eng c |
| 010 ## - LIBRARY OF CONGRESS CONTROL NUMBER | |
| LC control number | sd 46000031 |
| 035 ## - SYSTEM CONTROL NUMBER | |
| System control number | (OCoLC)14985428 |
| 040 ## - CATALOGING SOURCE | |
| Original cataloging agency | U.S. Dept. of State. Libr. |
| Transcribing agency | T |
| Modifying agency | T |
| -- | OCoLC |
| -- | DLC |
| 042 ## - AUTHENTICATION CODE | |
| Authentication code | premarc |
| 043 ## - GEOGRAPHIC AREA CODE | |
| Geographic area code | e-gx--- |
| 050 00 - LIBRARY OF CONGRESS CALL NUMBER | |
| Classification number | DD257 |
| Item number | .F8 |
| 082 ## - DEWEY DECIMAL CLASSIFICATION NUMBER | |
| Classification number | 943.086 |
| 100 1# - MAIN ENTRY--PERSONAL NAME | |
| Personal name | Fuller, Leon Webber, |
| Dates associated with a name | 1895- |
| 245 14 - TITLE STATEMENT | |
| Title | The problem of German political revival; |
| Statement of responsibility, etc. | article by Leon W. Fuller. |
| 260 ## - PUBLICATION, DISTRIBUTION, ETC. | |
| Place of publication, distribution, etc. | [Washington, |
| Name of publisher, distributor, etc. | U.S. Govt. Print Off., |
| Date of publication, distribution, etc. | 1946] |
| 300 ## - PHYSICAL DESCRIPTION | |
| Extent | 1 p. l., 22 p. |
| Dimensions | 18 cm. |
| 490 0# - SERIES STATEMENT | |
| Series statement | U. S. Dept. of State. Publication ; |
| Volume/sequential designation | 2550 : |
| Series statement | European series ; |
| Volume/sequential designation | 9 |
| 651 #0 - SUBJECT ADDED ENTRY--GEOGRAPHIC NAME | |
| Geographic name | Germany |
| General subdivision | Politics and government |
| Chronological subdivision | 1945- |
| 650 #0 - SUBJECT ADDED ENTRY--TOPICAL TERM | |
| Topical term or geographic name entry element | Reconstruction (1939-1951) |
| Geographic subdivision | Germany. |
No items available.